000 00550nam a2200181Ia 4500
008 151202s9999||||xx |||||||||||||| ||und||
082 _bPNVM-51713
100 _aकाणेकर अनंत.
245 _aआवडत्या इसापकथा.
260 _b---
260 _c51713
300 _a0
600 _aकाणेकर अनंत.
630 _aआवडत्या इसापकथा.
700 _aकाणेकर अनंत.
730 _aआवडत्या इसापकथा.
942 _cBOOK
999 _c1318253
_d1318250